| 000 | 00424nam a2200169 4500 | ||
|---|---|---|---|
| 005 | 20260109110746.0 | ||
| 008 | 260109b |||||||| |||| 00| 0 eng d | ||
| 020 | _a978-1-84983-839-9 | ||
| 041 | _aEnglish | ||
| 082 |
_aX 158.1 _bB12143 |
||
| 100 |
_aByrne, Rhonda _9216257 |
||
| 245 | _aThe Magic | ||
| 260 |
_aNew Delhi _bSimon and Schuster _c2012 |
||
| 300 |
_ax,254p _bpb |
||
| 365 |
_aRupaye _b319 _cINR |
||
| 942 | _cBK | ||
| 999 |
_c369803 _d369803 |
||